MDQL
is popping MORE tags! Check the
thread
!
Quizzes
Events
Quiz Creation
Community
Videos
Private Events
Remove Ads
Sign In
Join for FREE
Feedback
Dark Mode
Quiz Categories
Sports
Geography
Music
Movies
Television
Just For Fun
Miscellaneous
History
Literature
Language
Science
Gaming
Entertainment
Religion
Holiday
For Kids
Quiz Lab
Recent
Popular Today
Quiz Kudos Today
Editor Picks
Curator Picks
Quizzes by...
Day
Popularity
Type
Ratings
Length
Year
Community
Subscriptions
Recent Discussions
Orange Saloon
Badges
Playlists
Quests
Create
Leaderboards
Showdown
Live 5
Trivia Bingo
Activity
Puzzle Library
Sporcle Events
Private Events
Virtual Trivia
Globe League
Become a Host
Pub Owners
SporcleCon
Opinionation
Our Games
Videos
Blog
Mobile Apps
Partnerships
Remove Ads and Go Orange
Feedback
Sports
Athletes
MLB
NBA
NHL
NFL
Soccer
Sports Teams
WWE
NCAA
Football
Premier League
Basketball
Baseball
Hockey
Golf
Tennis
Cricket
Rugby
Auto Racing
Olympics
World Cup
Sports
Athletes
MLB
NBA
NHL
NFL
Soccer
Sports Teams
WWE
NCAA
Football
Premier League
Basketball
Baseball
Hockey
Golf
Tennis
Cricket
Rugby
Auto Racing
Olympics
World Cup
Random Quiz
Search Sporcle
×
Quiz Lab
Quiz Lab
Sports
Soccer
Type in answers that appear in a list
Type in answers that appear in a list
Classic
Best Score? Go Orange.
Champions League Final (Venues) Stats
Can you name the Champions League Final (Venues)?
By
Ireland
4m
57 Questions
464 Plays
464 Plays
464 Plays
Comments
Comments
Give Quiz Kudos
Give Quiz Kudos
-
- Ratings
hide this ad
More Info
Replay
Link that replays current quiz
Next Quiz
Link to next quiz in quiz playlist
You Got
0%
They Got
Avg Score
77%
Avg Friend Score
Upgrade to see
Score Distribution
Jump to the score distribution portion of the page
Score
0/57
Timer
04:00
0
Plays Today
Season
Venue (City)
% Correct
1956/
57
Madrid
97.4%
1962/
63
London
97.4%
1967/
68
London
97.4%
1968/
69
Madrid
97.4%
1970/
71
London
97.4%
1977/
78
London
97.4%
1979/
80
Madrid
97.4%
1991/
92
London
97.4%
2009/
10
Madrid
97.4%
2010/
11
London
97.4%
1988/
89
Barcelona
94.4%
1998/
99
Barcelona
94.4%
1978/
79
Munich
93.8%
1992/
93
Munich
93.8%
1996/
97
Munich
93.8%
2011/
12
Munich
93.8%
1955/
56
Paris
93.1%
1974/
75
Paris
93.1%
1980/
81
Paris
93.1%
1999/
00
Paris
93.1%
2005/
06
Paris
93.1%
1964/
65
Milan
90.9%
1969/
70
Milan
90.9%
2000/
01
Milan
90.9%
2007/
08
Moscow
90.7%
1976/
77
Rome
90.1%
1983/
84
Rome
90.1%
1995/
96
Rome
90.1%
2008/
09
Rome
90.1%
Season
Venue (City)
% Correct
2002/
03
Manchester
87.9%
1961/
62
Amsterdam
85.1%
1997/
98
Amsterdam
85.1%
2004/
05
Istanbul
84.7%
1966/
67
Lisbon
83.6%
1959/
60
Glasgow
81.9%
1975/
76
Glasgow
81.9%
2001/
02
Glasgow
81.9%
1982/
83
Athens
74.6%
1993/
94
Athens
74.6%
2006/
07
Athens
74.6%
1957/
58
Brussels
60.8%
1965/
66
Brussels
60.8%
1973/
74
Brussels
60.8%
1984/
85
Brussels
60.8%
1963/
64
Vienna
57.1%
1986/
87
Vienna
57.1%
1989/
90
Vienna
57.1%
1994/
95
Vienna
57.1%
1971/
72
Rotterdam
48.9%
1981/
82
Rotterdam
48.9%
1972/
73
Belgrade
44.8%
1960/
61
Bern
40.5%
2003/
04
Gelsenkirchen
39%
1985/
86
Seville
34.9%
1958/
59
Stuttgart
31.3%
1987/
88
Stuttgart
31.3%
1990/
91
Bari
21.1%
Quiz Playlist
Details
Report
Send in Message
Add To Playlist
More Info:
Can you name the venues where the Champions League final has taken place since its inception in 1955?
Classic:
Type in answers that appear in a list
Last Updated: Feb 16, 2017
Quiz Scoreboard
CHALLENGE
Sign Up to Join the Scoreboard
Show All
Scores
Hide
Comments
May contain spoilers
Recently Published
Image Sorting: Flags VI
by Barbecue
Geography
2m
Find the 'City' Movie
by crazypaving
Movies
60s
Colored Red Africa Blitz
by spor1
Geography
45s
More to Explore
Quiz From the Vault
Featured Blog Post
14 Easter Pick-up Lines to Find Eggs With
hide this ad
You Might Also Like...
Tags
Soccer Quiz
Barcelona
Real Madrid
UEFA Champions' League
Today's Top Quizzes in Sports
Browse Sports
hide this ad
Today's Top Quizzes in Soccer
Browse Soccer
Top Contributed Quizzes in Sports
1
Les meilleurs buteurs des matchs entre le PSG et l’OM
2
Les entraîneurs de l'OM et du PSG au 21e siècle
3
2022 World Cup Stars
4
Les joueurs passés par le PSG et l'OM
5
Players with Multiple 50 Home Run Seasons
6
Criteria MLB: Left Handed Sluggers
7
FIFA Club World Cup Champions
8
Les joueurs passés par le LOSC et le RC Lens
9
NBA Logic Puzzle 2.0
10
Top 10 NHL Goal Scorers of All Time
Explore More
Trending Topics
Anime
Crossword
Kpop
Disney
Harry Potter
Marvel
NBA
WWE
The Office
Pokémon
Song
Soccer
NFL
Puzzle
Country
hide this ad
More By:
Ireland
Quiz
Plays
Rating
Category
Featured
Created
Euro 2012 English Squad
45,400
4.06
Sports
May 16, 2012
American Idol Audition Cities
24,532
4.36
Television
Nov 16, 2010
Nation Quiz: Scotland
12,112
4.24
Geography
Mar 26, 2011
Winners of the X Factor (UK)
6,448
2.91
Television
Jan 12, 2010
Cricket World Cup Teams (All Time)
5,835
4.32
Sports
Feb 15, 2011
Go to Creator's Profile
Score Distribution
Quiz Creator Spotlight
Ireland
Follow
Send a Message
Quizzes Created
-
Created Quiz Play Count
-
More By This Creator
Popular Quizzes Today
1
Colored Red Africa Blitz
2
Find the US States - No Outlines Minefield
3
Find the 'City' Movie
4
5x2 Blitz: Bands
5
The Countries of the World
6
Find the US States
7
Find the Countries of Europe - No Outlines Minefield
8
US States
More Sports Quizzes
First Letters (WWE Champions)
Quiz Lab
Trending Quizzes
Colored Red Europe Blitz I
Colored Red Europe Blitz II
Colored Red Africa Blitz II
Colored Red Europe Blitz III
Colored Red Africa Blitz III
Recently Updated
How Do You Spell That?
pecheneg
Godzilla Movies
pecheneg
Grab Bag: 4-10 Letters
pecheneg
2024 March Madness Bracket
pecheneg
Famous TV Couples
Peacemaker
Champions League XIs: Real Madrid
pecheneg
Largest US Cities 1790-2010
pecheneg
Rides in Walt Disney World
pecheneg
Most Oscar Losses (Acting)
pecheneg
Beyoncé Albums
pecheneg
Trending Topics
Kpop
Harry Potter
Crossword
NBA
Marvel
Disney
Anime
Song
The Office
Country
Puzzle
WWE
Pokémon
NFL
Soccer
Your Account Isn't Verified!
In order to create a playlist on Sporcle, you need to verify the email address you used during registration. Go to your
Sporcle Settings
to finish the process.
Report this User
Report this user for behavior that violates our
Community Guidelines
.
Details:
Send Report
Go to the Sporcle.com Mobile Site →
Comments